| 000 | 00369nam a2200145Ia 4500 | ||
|---|---|---|---|
| 008 | 210210b1966 xxu||||| |||| 00| 0 eng d | ||
| 082 | _a378.73 VONM | ||
| 100 | _aVON HOFFMAN (Nicholas). | ||
| 245 | _aMultiversity. | ||
| 260 |
_aNY _bHolt, Rinehart and winston _c1966 |
||
| 300 | _a199 | ||
| 650 | _aAmerican education | ||
| 690 | _aHigher Education | ||
| 906 | _a041774 | ||
| 999 |
_c91801 _d91801 |
||